| 000 | 00431nam a2200193Ia 4500 | ||
|---|---|---|---|
| 005 | 20240823061735.0 | ||
| 008 | 240823s9999||||xx |||||||||||||| ||und|| | ||
| 020 | _a93-82241-67-1 | ||
| 041 | _aENGLISH | ||
| 082 | _A820 Q6 | ||
| 100 | _aBhanumathy N C | ||
| 245 | 0 | _aFootprints | |
| 250 | _a1st | ||
| 260 |
_c2016 _bManimekala Publishing |
||
| 500 | _aYES | ||
| 650 |
_aGrammar _bEnglish |
||
| 942 | _cBK | ||
| 999 |
_c234239 _d234239 |
||